Informatics Practices -Xl (Record no. 374)

MARC details
000 -LEADER
fixed length control field 00304nam a2200121Ia 4500
008 - FIXED-LENGTH DATA ELEMENTS--GENERAL INFORMATION
fixed length control field 191201s2000 xx 000 0 und d
100 ## - MAIN ENTRY--PERSONAL NAME
Personal name ARORA, Sumita
245 #0 - TITLE STATEMENT
Title Informatics Practices -Xl
260 ## - PUBLICATION, DISTRIBUTION, ETC. (IMPRINT)
Place of publication, distribution, etc N. Delhi
Name of publisher, distributor, etc Dhanpat Rai Pub (P) Ltd
Date of publication, distribution, etc 2000
300 ## - PHYSICAL DESCRIPTION
Extent 728
650 ## - SUBJECT ADDED ENTRY--TOPICAL TERM
Topical term or geographic name as entry element B.Tech(CSE)
942 ## - ADDED ENTRY ELEMENTS (KOHA)
Source of classification or shelving scheme Dewey Decimal Classification
Koha item type Text Books
Holdings
Withdrawn status Lost status Source of classification or shelving scheme Damaged status Not for loan Collection code Home library Current library Date acquired Source of acquisition Bill Number Total Checkouts Full call number Acc. no. / Barcode Date last seen Bill Date Koha item type Public note
    Dewey Decimal Classification     B.Tech(CSE) PIET C-LIBRARY PIET C-LIBRARY 27/06/2017 Donated by Management Donated by Management   004.0 ARI 29718 04/12/2019 27/06/2017 Text Books Donated by Management

Design & Developed by: PIET Central Library
R70 Miles Stone Pattikalyana Samalkha Panipat 132102
mail ID :- [email protected], Phone No:- 0180-2569700 Ex.216